|
|
|
|
| LEADER |
00971nam a22002412a 4500 |
| 001 |
001087093 |
| 003 |
CZ BrMZK |
| 005 |
20100617202741.0 |
| 007 |
ta |
| 008 |
100217s1963 xo er|||||||||||slo d |
| 040 |
|
|
|a OLA001
|b cze
|d BOA001
|
| 041 |
1 |
|
|a slo
|h cze
|
| 100 |
1 |
|
|a Makarius, Jan,
|d 1913-1981
|7 jk01073141
|4 aut
|
| 245 |
1 |
0 |
|a Nosáčik Pinocchio a jeho slávne dobrodružstvá :
|b rozprávkové leporelo pre deti od 5 do 10 rokov i staršie v 3 dejstvách a v 15 obrazoch /
|c Jan Makarius ; z čes. prel. Ružena Krajčíková
|
| 260 |
|
|
|a Bratislava :
|b Slovenské divadelné a literárne zastupiteľstvo,
|c 1963
|
| 300 |
|
|
|a 86 s.
|
| 500 |
|
|
|a Přeloženo z češtiny
|
| 700 |
1 |
|
|a Krajčíková, Ružena
|7 jx20050805037
|4 trl
|
| 765 |
0 |
|
|t Nosáček Pinokio a jeho slavná dobrodružství
|9 Slovensky
|
| 910 |
|
|
|a BOA001
|b 1-0506.922
|
| 990 |
|
|
|a BK
|
| 991 |
|
|
|b 201002
|
| 996 |
7 |
|
|b 2619450710
|c 1-0506.922
|l MZK
|r Sklad / do 1 hodiny
|n 0
|w 001110982
|u 000010
|a 1
|e BOA001
|j MZK50
|s A
|